Регионална библиотека "Любен Каравелов" - Русе

A traves de aguas y bosques (Запис номер 143702)

MARC детайли
000 -Лидер
Контролно поле с фиксирана дължина nam a22 a 4500
003 - Код на организацията, давaща контролен номер
Контролно поле BLK
005 - Дата и час на последна редакция
Контролно поле 20230404030320.0
008 - Елементи от данни с фиксирана дължина
fixed length control field 180409b bul|||||r ||||||| ||bul||
010 ## - Наследен системен номер
LC control number KNG00149842000
040 ## - Източник на каталожния запис
Идентификатор на билиотеката - собственик на записа BLK
041 ## - Код за език
Код за езика на текст/звукозапис или на отделно заглавие Испански
Код за езика КДБФ Други
080 ## - УДК
Текстов определител УДК Българска литература
УДК код - определител по УДК 821.163.2
УДК определител -93-32
УДК - код + определител 821.163.2-93-32
100 1# - Редна дума - Автор
Автор Stanev, Еmilian
Авторска отговорност първи автор
R(LIN) 328061
139 ## - Редно поле
Редна дума Stanev, Еmilian
Авторски знак St - S 81
245 10 - Сведения за заглавието
Заглавие A traves de aguas y bosques
Подзаглавни данни Повест за деца
Редно поле (дума) Еmilian Stanev; trad. [от бълг. на есп.] Carlos Ramos Machado; ill. Jristo Kardzhilov; * Емилиян Станев; * Никола Стоянов Станев; * Христо Кърджилов.
257 ## - Страна на издаване
Страна на създаване/издаване България
260 ## - Област на издателските данни
Място на издаване, разпространение и проч. Sofia
Име на издателя, разпространителя и проч. Sviat
-- Gente Nueva
Година на издаване 1987
Печатница Sofia : IE Balcan
300 ## - Физическа характеристика
Страници 99 с.
Илюстрации и др. с ил.
Размери/Мащаб 24 см
380 ## - Жанр
Жанр Детска худож. лит.
500 ## - Общи забележки
Забележка Истинското име на авт. е Никола Стоянов Станев. - Ориг. загл. През гори и води. - 2 020 тир.
653 ## - Ключова дума – ненормативна
Ключова дума детска литература
653 ## - Ключова дума – ненормативна
Ключова дума литература за деца
700 1# - Други автори (авторска отговорност)
Лично име Machado, Carlos Ramos
Автороска отговорност (Описва отношението между автора и произведението) trad. [от бълг. на есп.]
9 (RLIN) 379433
700 1# - Други автори (авторска отговорност)
Лично име Kardzhilov, Jristo
Автороска отговорност (Описва отношението между автора и произведението) ill.
9 (RLIN) 14700
700 1# - Други автори (авторска отговорност)
Лично име Станев, Емилиян
Пълна форма на името Станев, Никола Стоянов
Дати, свързани с автора 1907-1979
9 (RLIN) 363786
700 1# - Други автори (авторска отговорност)
Лично име Станев, Никола Стоянов
Автороска отговорност (Описва отношението между автора и произведението) *
9 (RLIN) 366821
700 1# - Други автори (авторска отговорност)
Лично име Кърджилов, Христо
Автороска отговорност (Описва отношението между автора и произведението) *
9 (RLIN) 379212
852 ## - Местоположение
Форматна сигнатура Цб 262481
856 4# - Електронен адрес и достъп
Електронен формат pdf - файл
Инструкция (цена за достъп) 0.00
Права за достъп disable
856 4# - Електронен адрес и достъп
Електронен формат pdf - файл
Инструкция (цена за достъп) 0.00
Права за достъп disable
999 ## - СИСТЕМНИ КОНТРОЛНИ НОМЕРА
Koha biblionumber 143702
Koha biblioitemnumber 143702
942 ## - АРТИКУЛИ
Вид на библиотечния материал Книги
Скрит в OPAC Не
Периодичен библиозапис Да
944 ## - СЪЗДАВАНЕ И РЕДАКЦИЯ на ЗАПИСА
Създаване/Редакция Създаване
Дата на регистрацията/редакция 23.08.2013
Статус, дата на статуса 23.08.2013 - от С1,Р / 23.08.2013
Служител, извършил регистрацията/редакцията Симона_Петрова
944 ## - СЪЗДАВАНЕ И РЕДАКЦИЯ на ЗАПИСА
Създаване/Редакция Редакция
Дата на регистрацията/редакция 23.08.2013
Статус, дата на статуса 23.08.2013 - от С1,Р / 23.08.2013
999 ## - СИСТЕМНИ КОНТРОЛНИ НОМЕРА
Koha biblioitemnumber 143702
Наличности
Код за отписване Код за изгубен артикул Източник на класификационната схема Код за повреда Коз за рестрикции Код за отдаване Артикулен № Име на библиотеката - собственик Име на библиотеката, в която се намира в момента Статус (Текущо местоположение) Дата на вписване в системата Местоположение - отдел Цена в лева Инвентарен номер Систематично азбучна сигнатура Баркод Номер на екземпляра Цена в евро Служебна бележка Служебен тип на артикула
  Не е изгубен Universal Decimal Classification Не е повреден без рестрикции ползва се в читалня 238713 Регионална библиотека "Любен Каравелов" Русе Регионална библиотека "Любен Каравелов" Русе Хранилище 1987-01-01 Хранилище 0.01 485837 Цб 262481 120000485837 1 0.01 N: стар фонд Дата: 01.01.1987 Книги
Vip Innovations Ltd, Rousse, Bulgaria 2025